[Event "Berlin-ch Seniors op 31st"]
[Site "Berlin"]
[Date "2015.02.07"]
[Round "9"]
[White "Keusch, Horst"]
[Black "Schroeder, Otto"]
[Result "1-0"]
[WhiteElo "1858"]
[BlackElo "1719"]
[PlyCount "67"]
[EventDate "2015.01.29"]
[EventType "swiss"]
[EventRounds "9"]
[EventCountry "GER"]
[SourceTitle "EXT 2018"]
[Source "ChessBase"]
[SourceDate "2017.10.13"]
[SourceVersion "1"]
[SourceVersionDate "2017.10.13"]
[SourceQuality "1"]

1. f4 Nf6 2. Nf3 d5 3. b3 e6 4. Bb2 Bd6 5. e3 0-0 6. Be2 Nfd7 7. 0-0 b6 8. Ne5 Bb7 9. d3 Bc5 10. Qd2 Nxe5 11. fxe5 Nd7 12. d4 Be7 13. Nc3 c5 14. a4 Bg5 15. Nb5 Be7 16. Bg4 a6 17. Nc3 Bg5 18. Qf2 a5 19. Qg3 Ba6 20. Nb5 Nb8 21. Qh3 Nc6 22. Rae1 Nb4 23. Re2 Qd7 24. Ref2 Bxb5 25. axb5 Ra7 26. Bxe6 Qe7 27. Bf5 g6 28. c3 cxd4 29. exd4 gxf5 30. cxb4 axb4 31. Qg3 h6 32. Rxf5 Qd7 33. h4 Kh7 34. hxg5 1-0

[Event "Berlin-ch Seniors op 31st"]
[Site "Berlin"]
[Date "2015.01.29"]
[Round "1"]
[White "Weber, Viktor"]
[Black "Schroeder, Otto"]
[Result "1/2-1/2"]
[WhiteElo "1372"]
[BlackElo "1719"]
[PlyCount "41"]
[EventDate "2015.01.29"]
[EventType "swiss"]
[EventRounds "9"]
[EventCountry "GER"]
[SourceTitle "EXT 2018"]
[Source "ChessBase"]
[SourceDate "2017.10.13"]
[SourceVersion "1"]
[SourceVersionDate "2017.10.13"]
[SourceQuality "1"]

1. d4 Nf6 2. c4 e5 3. dxe5 Ng4 4. Nf3 Bb4+ 5. Bd2 Bxd2+ 6. Nbxd2 Nc6 7. e3 Ngxe5 8. Nxe5 Nxe5 9. Qc2 d6 10. Be2 0-0 11. Nf3 Nxf3+ 12. Bxf3 c6 13. 0-0 Be6 14. b3 Qf6 15. Rad1 Rad8 16. Rd2 Rd7 17. Rfd1 Rfd8 18. Be4 g6 19. Bf3 Bf5 20. Qb2 Qxb2 21. Rxb2 1/2-1/2

[Event "Berlin-ch Seniors op 30th"]
[Site "Berlin"]
[Date "2014.01.31"]
[Round "2"]
[White "Walther, Lothar O"]
[Black "Schroeder, Otto"]
[Result "1/2-1/2"]
[WhiteElo "1165"]
[BlackElo "1500"]
[PlyCount "53"]
[EventDate "2014.01.30"]
[EventType "swiss"]
[EventRounds "9"]
[EventCountry "GER"]
[SourceTitle "EXT 2018"]
[Source "ChessBase"]
[SourceDate "2017.10.13"]
[SourceVersion "1"]
[SourceVersionDate "2017.10.13"]
[SourceQuality "1"]

1. e4 d5 2. e5 c5 3. c3 Nc6 4. d4 cxd4 5. cxd4 e6 6. Nf3 Nge7 7. Bb5 Bd7 8. Nc3 a6 9. Be2 Nf5 10. 0-0 Bb4 11. a3 Ba5 12. b4 Bb6 13. Be3 Rc8 14. Rc1 h6 15. b5 axb5 16. Nxb5 Bc7 17. Bd2 0-0 18. Bb4 Nxb4 19. axb4 Bxb5 20. Bxb5 Bb6 21. Qd2 Rc7 22. Qb2 Qb8 23. Rxc7 Qxc7 24. Rc1 Qb8 25. h3 Qa7 26. Ra1 Qb8 27. Rc1 1/2-1/2

[Event "Berlin-ch Seniors op 24th"]
[Site "Berlin"]
[Date "2008.02.24"]
[Round "4"]
[White "Windmueller, Werner"]
[Black "Schroeder, Otto"]
[Result "1-0"]
[WhiteElo "1663"]
[BlackElo "1323"]
[PlyCount "55"]
[EventDate "2008.02.21"]
[EventType "swiss"]
[EventRounds "9"]
[EventCountry "GER"]
[SourceTitle "EXT 2022"]
[Source "ChessBase"]
[SourceDate "2021.10.06"]
[SourceVersion "1"]
[SourceVersionDate "2021.10.06"]
[SourceQuality "1"]

1. d4 Nf6 2. c4 e5 3. d5 Bb4+ 4. Bd2 Bxd2+ 5. Nxd2 0-0 6. e4 d6 7. Be2 Bd7 8. h3 a6 9. a4 c6 10. b4 Qb6 11. Qb1 Rc8 12. a5 Qd4 13. Ngf3 Qa7 14. 0-0 cxd5 15. cxd5 b6 16. Nc4 Rxc4 17. Bxc4 b5 18. Bd3 Be8 19. Rc1 Qe7 20. Ra3 Nbd7 21. Rc7 Nh5 22. g3 Qf6 23. Be2 Qg6 24. Nh4 Qg5 25. Kh2 Ndf6 26. Nf5 Bd7 27. h4 Qd2 28. Ra2 1-0

[Event "Berlin-ch Seniors op 24th"]
[Site "Berlin"]
[Date "2008.02.22"]
[Round "2"]
[White "Rehder, Frank"]
[Black "Schroeder, Otto"]
[Result "1-0"]
[WhiteElo "1674"]
[BlackElo "1323"]
[PlyCount "81"]
[EventDate "2008.02.21"]
[EventType "swiss"]
[EventRounds "9"]
[EventCountry "GER"]
[SourceTitle "EXT 2022"]
[Source "ChessBase"]
[SourceDate "2021.10.06"]
[SourceVersion "1"]
[SourceVersionDate "2021.10.06"]
[SourceQuality "1"]

1. d4 Nf6 2. Nf3 d5 3. c4 e6 4. Nc3 c6 5. e3 Nbd7 6. Bd3 Bd6 7. 0-0 0-0 8. a3 Re8 9. b4 dxc4 10. Bxc4 Nb6 11. Bd3 Nbd5 12. Ne2 Ne7 13. Bb2 Ng6 14. Rc1 e5 15. Bxg6 e4 16. Bxf7+ Kxf7 17. Ne5+ Bxe5 18. dxe5 Ng4 19. Qxd8 Rxd8 20. Rfd1 Re8 21. Rc5 Be6 22. h3 Nh6 23. Nc3 Rad8 24. Rxd8 Rxd8 25. Nxe4 Rd1+ 26. Kh2 Bd5 27. Nc3 Rd2 28. Nxd5 Rxb2 29. Nc3 Rxf2 30. Ne4 Ra2 31. Nd6+ Ke6 32. Ra5 Nf5 33. Nxf5 Kxf5 34. Rxa7 Kxe5 35. Rxb7 Kf6 36. Ra7 h5 37. Kg3 g5 38. Ra6 Rc2 39. b5 h4+ 40. Kf3 Kf5 41. Rxc6 1-0